| 000 | 00445nam a2200145Ia 4500 | ||
|---|---|---|---|
| 008 | 180802s9999||||xx |||||||||||||| ||und|| | ||
| 020 | _a9780517886021 | ||
| 082 |
_a025.431 _bLAY/A |
||
| 100 | _aLaybourne, Kit | ||
| 245 | 4 | _aThe Animation Book: A Complete Guide to Animated Filmmaking- From Flip-Books to Sound Cartoons to 3-D Animation | |
| 250 | _a1st Edition | ||
| 260 |
_aNew yark _bThree River Press _c1998 |
||
| 300 | _a425p. | ||
| 942 | _cBK | ||
| 999 |
_c2339 _d2339 |
||